Malé a stredné podniky a zamestnanosť na Slovensku
Posúdenie stavu a štruktúry malých a stredných podnikov v oblasti zamestnanosti a ich vývoj na Slovensku v rokoch 2010 až 2014 na základe spracovania dát z údajovej databázy Slovak Business Agency – Správ o stave MSP v SR.
Salvato in:
| Autore principale: | |
|---|---|
| Natura: | Capitolo di libro |
| Lingua: | slovacco |
| Soggetti: | |
| Tags: |
Nessun Tag, puoi essere il primo ad aggiungerne!!
|
MARC
| LEADER | 00000nla a2200000 4500 | ||
|---|---|---|---|
| 001 | 0226993 | ||
| 005 | 20240524093912.6 | ||
| 041 | 0 | |a slo | |
| 044 | |a SK | ||
| 245 | 1 | 0 | |a Malé a stredné podniky a zamestnanosť na Slovensku |c Sylvia Bukovová |
| 520 | |a Posúdenie stavu a štruktúry malých a stredných podnikov v oblasti zamestnanosti a ich vývoj na Slovensku v rokoch 2010 až 2014 na základe spracovania dát z údajovej databázy Slovak Business Agency – Správ o stave MSP v SR. | ||
| 610 | 2 | 0 | |a podnik malý |
| 610 | 2 | 0 | |a podnik stredný |
| 610 | 2 | 0 | |a Slovensko |
| 610 | 2 | 0 | |a zamestnanosť |
| 610 | 2 | 0 | |a podnikanie malé |
| 610 | 2 | 0 | |a podnikanie stredné |
| 100 | 1 | |a Bukovová, Sylvia, 1959- | |